| 000 | 00596nam a2200217 a 4500 | ||
|---|---|---|---|
| 001 | BRCA_4847 | ||
| 005 | 20190320204829.0 | ||
| 008 | 850510s1955 mx-#######---#000-0#spa-# | ||
| 041 | _aspa | ||
| 044 | _amx | ||
| 050 | 4 |
_aKG3686 _b.L4 1955 |
|
| 245 | 1 | 0 |
_aLey de sociedades de inversión _cComisión Nacional de Valores. |
| 260 |
_aMéxico _bCultura _c1955 |
||
| 300 |
_a41 p. _c20 cm. |
||
| 500 | _aEjemplar igual a U67 | ||
| 500 | _aCFG85 | ||
| 650 | 1 | 4 |
_aBolsa de valores _xLegislación _zMéxico _912274 |
| 710 | 2 |
_aComisión Nacional de Valores _910924 |
|
| 902 | _aGFM | ||
| 942 |
_2lcc _cB |
||
| 999 |
_c4541 _d4541 |
||